|
|
|
|
| LEADER |
00762nab a2200205 i 4500 |
| 001 |
acta7677 |
| 005 |
20251128142253.0 |
| 008 |
161015s2002 hu o 000 fre d |
| 022 |
|
|
|a 0238-8308
|
| 040 |
|
|
|a SZTE Egyetemi Kiadványok Repozitórium
|b hun
|
| 041 |
|
|
|a fre
|
| 100 |
1 |
|
|a Jókai Rita
|
| 245 |
1 |
0 |
|a Napoléon et son image dans la "presse corse"
|h [elektronikus dokumentum] /
|c Jókai Rita
|
| 260 |
|
|
|a Université de Szeged
|b Szeged
|c 2002
|
| 300 |
|
|
|a 99-105
|
| 490 |
0 |
|
|a Mediterrán tanulmányok
|v 11
|
| 650 |
|
4 |
|a Bölcsészettudományok
|
| 650 |
|
4 |
|a Történettudomány és régészet
|
| 695 |
|
|
|a I. Napoleon - császár, Franciaország története - 18-19. sz.
|
| 856 |
4 |
0 |
|u http://acta.bibl.u-szeged.hu/7677/1/mediterran_011_099-105.pdf
|z Dokumentum-elérés
|